| 000 | 01052cam a2200301 i 4500 | ||
|---|---|---|---|
| 001 | 30092 | ||
| 003 | Mx-PuUPA | ||
| 005 | 20250410124157.0 | ||
| 008 | 140415s1984 mx ao gr 001 0 spa d | ||
| 040 |
_cMx-PuUPA _aMx-PuUPA _bspa _dMx-PuUPA _erda |
||
| 041 | 0 | _aspa | |
| 043 | _an-mx--- | ||
| 100 | 1 | 0 |
_aOchoa, Ramiro J., _916938 _eautor |
| 245 | 1 | 0 |
_aLibro azul : _banuario histórico-cívico / _cRamiro J. Ochoa |
| 264 | 1 |
_a[lugar de publicación no identificado] : _bPublicaciones Ochoa, _c[1984?] |
|
| 300 |
_a535 páginas : _bilustraciones, fotografías (blanco y negro) ; _c24 cm |
||
| 336 |
_2rdacontent _atexto _btxt |
||
| 337 |
_2rdamedia _asin medio _bn |
||
| 338 |
_2rdacarrier _avolumen _bnc |
||
| 650 | 7 |
_2armarc _aCronologías |
|
| 650 | 7 |
_2armarc _aPresidentes _zMéxico _xHistoria _vCronología |
|
| 651 | 4 |
_aMéxico _xHistoria _vCronología |
|
| 651 | 4 |
_aMéxico _xHistoria _vAnuarios |
|
| 942 |
_2ddc _cLI _h056.1 _iO56 |
||
| 999 |
_c30092 _d30092 |
||